000 01002 a2200253 4500
010 _aENG-85406
020 _a8190340352
_c585.00
035 _aEN-68939
037 _bD.B.Act / Pub
082 1 4 _a881.09
090 _c2373
_d2373
100 1 _aPerkins, David
245 1 2 _aA history of modern poetry
_cby David Perkins.
_bfrom the 1890s to the high modernist mode
260 _aNew Delhi
_bABS Publishers & Distributors
_c2006
270 _aE-9, Jangpura Extn.
_bNew Delhi
_e110 014
300 _axv, 623 p.
_c21 cm. (Pbk.)
650 0 _aEnglish poetry
_y20th century
_xHistory and criticism.
650 0 _aAmerican poetry
_y20th century
_xHistory and criticism.
650 0 _aEnglish poetry
_y19th century
_xHistory and criticism.
650 0 _aAmerican poetry
_y19th century
_xHistory and criticism.
650 0 _aModernism (Literature)
_zEnglish-speaking countries.
942 _adpl
_cEN
_k881.09 / PER
999 _c2332
_d2332